| 000 | 00606cam a2200229 4500 | ||
|---|---|---|---|
| 008 | 090401t1998 xxu||||| |||| 00| 0 eng d | ||
| 020 | _a0713483776 | ||
| 035 | _a(Sirsi) u88258 | ||
| 041 | _aeng | ||
| 050 | _a332.642 | ||
| 100 | _aOxborrow, Juliet | ||
| 245 | 4 | _aThe What Investment A-Z guide to the Stock Exchange. | |
| 260 |
_aLondon _bB T Batsford Ltd. _c1998 |
||
| 300 | _a210p. ; 21cm. | ||
| 350 | _a16.99 | ||
| 650 | _aDICTIONARIES | ||
| 650 | _aSTOCK EXCHANGE | ||
| 690 | _aPROPERTY-PROPERTY FINANCE AND INVESTMENT | ||
| 700 | _aWinnifrith, Tom | ||
| 942 | _n0 | ||
| 948 | _c03/09/1998 | ||
| 999 |
_c97311 _d97311 |
||